| 000 | 00832nam a2200229Ia 4500 | ||
|---|---|---|---|
| 005 | 20150220151430.0 | ||
| 010 | _aBAC-EN21 ENG-111591 | ||
| 020 |
_a9788131526057 _c499.00 |
||
| 020 |
_a8131526054 _c499.00 |
||
| 035 | _aB-591682 | ||
| 037 |
_bAsian Book Centre/Ven _adpl |
||
| 037 | _bDBAD/PUB | ||
| 082 | _a530 | ||
| 100 | _aSharma,B.M. | ||
| 245 |
_aCrash course in physics for joint entrance examination JEE(Advanced) / _bby B.M.Sharma |
||
| 260 |
_c2015 _aDelhi _bCengage Learning |
||
| 270 |
_a418, F.I.E., Patparganj _bDelhi _e110092 |
||
| 300 |
_c24cm(pbk) _avarious pagings : _bill. |
||
| 490 | _aCengage Learning's exam crack series | ||
| 942 |
_cEN _2ddc _mSHA _h530 |
||
| 999 |
_c87958 _d87958 |
||